The noble scholar, jurist, historian


 His Excellency Dr. Abdul Wahhab bin Ibrahim Abu Sulaiman, may Allah have mercy on him.


 He was born in Umm Al-Qura in the year 1356 AH.

الحجة في علل القراءات السبع / (Record no. 13661)

MARC details
000 -LEADER
fixed length control field 01924cam a22003611ia4500
003 - CONTROL NUMBER IDENTIFIER
control field SA-RiAUC
005 - DATE AND TIME OF LATEST TRANSACTION
control field 20251224131248.0
008 - FIXED-LENGTH DATA ELEMENTS--GENERAL INFORMATION
fixed length control field 251222s2000 ua g b f00000 ara c
020 ## - INTERNATIONAL STANDARD BOOK NUMBER
International Standard Book Number 9771801783
040 ## - CATALOGING SOURCE
Original cataloging agency SA-JuJU
Language of cataloging ara
Transcribing agency SA-RiAUC
Description conventions rda
082 04 - DEWEY DECIMAL CLASSIFICATION NUMBER
Classification number 228.1
Assigning agency SA-RiAUC
090 ## - LOCALLY ASSIGNED LC-TYPE CALL NUMBER (OCLC); LOCAL CALL NUMBER (RLIN)
Classification number (OCLC) (R) ; Classification number, CALL (RLIN) (NR) 228.1
Local cutter number (OCLC) ; Book number/undivided call number, CALL (RLIN) ا ب و ع
100 1# - MAIN ENTRY--PERSONAL NAME
Personal name أبو علي الفارسي، الحسن بن أحمد بن عبد الغفار،
Dates associated with a name 288-377 هجري
Relator term مؤلف.
245 12 - TITLE STATEMENT
Title الحجة في علل القراءات السبع /
Statement of responsibility, etc. تأليف أبي علي الحسن بن أحمد الفارسي ؛ تحقيق علي النجدي ناصف، عبد الحليم النجار، عبد الفتاح إسماعيل شلبي ؛ مراجعة محمد علي النجار.
250 ## - EDITION STATEMENT
Edition statement الطبعة الثالثة.
264 #1 - PRODUCTION, PUBLICATION, DISTRIBUTION, MANUFACTURE, AND COPYRIGHT NOTICE
Place of production, publication, distribution, manufacture القاهرة :
Name of producer, publisher, distributor, manufacturer دار الكتب والوثائق القومية، مركز تحقيق التراث،
Date of production, publication, distribution, manufacture, or copyright notice 2000
300 ## - PHYSICAL DESCRIPTION
Extent 3 مجلد ؛
Dimensions 27 سم
336 ## - CONTENT TYPE
Content type term نص
Content type code txt
Source rdacontent
Materials specified كتاب
337 ## - MEDIA TYPE
Media type term بدون وسيط
Media type code n
Source rdamedia
338 ## - CARRIER TYPE
Carrier type term مجلد
Carrier type code nc
Source rdacarrier
490 1# - SERIES STATEMENT
Series statement تراثنا
504 ## - BIBLIOGRAPHY, ETC. NOTE
Bibliography, etc. note يشتمل على إرجاعات ببليوجرافية.
630 27 - SUBJECT ADDED ENTRY--UNIFORM TITLE
Uniform title القرآن
General subdivision القراءات السبع
Source of heading or term aucut
700 12 - ADDED ENTRY--PERSONAL NAME
Relationship information تحقيق لـ (عمل) :
Personal name أبو علي الفارسي، الحسن بن أحمد بن عبد الغفار،
Dates associated with a name 288-377 هجري.
Title of a work الحجة في علل القراءات السبع
700 1# - ADDED ENTRY--PERSONAL NAME
Personal name ناصف، علي النجدي،
Dates associated with a name 1898-1982
Relator term محقق.
700 1# - ADDED ENTRY--PERSONAL NAME
Personal name النجار، عبد الحليم،
Dates associated with a name توفي 1964
Relator term محقق.
700 1# - ADDED ENTRY--PERSONAL NAME
Personal name شلبي، عبد الفتاح إسماعيل،
Dates associated with a name 1925-
Relator term محقق.
700 1# - ADDED ENTRY--PERSONAL NAME
Personal name النجار، محمد علي،
Dates associated with a name 1895-1965
Relator term مراجع.
730 22 - ADDED ENTRY--UNIFORM TITLE
Uniform title القرآن
830 #0 - SERIES ADDED ENTRY--UNIFORM TITLE
Uniform title تراثنا (دار الكتب المصرية)
942 ## - ADDED ENTRY ELEMENTS (KOHA)
Source of classification or shelving scheme Dewey Decimal Classification
Koha item type Books
Suppress in OPAC No
949 ## - LOCAL PROCESSING INFORMATION (OCLC)
a SA-JeALM
d 251222
u mohamedma123
n 1
Holdings
Withdrawn status Lost status Source of classification or shelving scheme Materials specified (bound volume or other part) Damaged status Not for loan Home library Current library Date acquired Total checkouts Full call number Barcode Date last seen Price effective from Koha item type
    Dewey Decimal Classification الجزء الاول     DR AbdElwahab Library DR AbdElwahab Library 12/24/2025   228.1 ا ب و ع 000021918 12/24/2025 12/24/2025 Books
    Dewey Decimal Classification الجزء الثالث     DR AbdElwahab Library DR AbdElwahab Library 12/24/2025   228.1 ا ب و ع 000021919 12/24/2025 12/24/2025 Books